00699nam a2200205Ia 4500003000900000008004100009020001800050040001600068080002100084245012200105260003700227300001500264650002500279650001800304650002200322700002800344942000700372999001700379952009700396IN-BaIIA211028s9999 xx 000 0 eng d a0-8243-0933-2 cIIA Library a047.1:52bARA-33 0aAnnual review of astronomy and astrophysicsbvol. 33cedited by G. Burbidge  aCaliforniabAnnual Reviewsc1995 avii, 656p. aAnnual review920965 aAstronomy980 aAstrophysics9794 aBurbidge, G., ed914854 cBK c13838d13838 00104070aBANbHOScGENd0000-00-00l0o047.1:52/ARA-33p14757r2021-11-05w0000-00-00yBK